000 00430nam a2200109Ia 4500
008 230320s9999||||xx |||||||||||||| ||spa||
082 _aTMI/2007/19
100 _aChapillequén Tume, José Luis
245 0 _aSocialización Del Modelo T En La Institución Educativa Fap Cap.Fap José Emilio Velarde Vargas De Talara Y Propuesta De Socialización En Las Áreas De Matemática Y Comunicación
260 _bLima 2007
942 _80
_cLIB
999 _c47464
_d47464